000 00363nam a2200133Ia 4500
005 20260326235438.0
008 260326s9999||||xx |||||||||||||| ||und||
100 _aPapachristou, Tician
245 0 _aMarcel Breuer :
_b Nuevas Construcciónes y projectos /
_cTician Papachristou
260 _bGustavo Gili
300 _a239 p.
650 _aARQUITECTOS
942 _cBK
999 _c7316
_d7316